Universal self Hindi tacher / (Record no. 638136)

MARC details
000 -LEADER
fixed length control field 00803nam a2200277 a 4500
001 - CONTROL NUMBER
control field vtls001318044
003 - CONTROL NUMBER IDENTIFIER
control field NLI
005 - DATE AND TIME OF LATEST TRANSACTION
control field 20210627051820.0
008 - FIXED-LENGTH DATA ELEMENTS--GENERAL INFORMATION
fixed length control field 120608s1955 ii 000 0 eng
039 #9 - LEVEL OF BIBLIOGRAPHIC CONTROL AND CODING DETAIL [OBSOLETE]
-- 201206081806
-- VLOAD
040 ## - CATALOGING SOURCE
Original cataloging agency NLI
Language of cataloging eng
Transcribing agency Datasoft_IMP_S
Description conventions AACR2
041 0# - LANGUAGE CODE
Language code of text/sound track or separate title eng
044 ## - COUNTRY OF PUBLISHING/PRODUCING ENTITY CODE
MARC country code ii
084 ## - OTHER CLASSIFICATION NUMBER
Classification number 176
100 1# - MAIN ENTRY--PERSONAL NAME
Personal name Ojha, Gopesh Kumar
9 (RLIN) 760543
245 10 - TITLE STATEMENT
Title Universal self Hindi tacher /
Statement of responsibility, etc. by Gopesh Kumar Ojha
260 ## - PUBLICATION, DISTRIBUTION, ETC.
Place of publication, distribution, etc. Delhi :
Name of publisher, distributor, etc. Universal Book and Stationery,
Date of publication, distribution, etc. 1955
300 ## - PHYSICAL DESCRIPTION
Extent iv, 265 p. ;
Dimensions 18 cm.
440 #2 - SERIES STATEMENT/ADDED ENTRY--TITLE
Title A standard handbook of self tuition in Hindhi
9 (RLIN) 760544
650 #0 - SUBJECT ADDED ENTRY--TOPICAL TERM
Topical term or geographic name entry element Sanskrit language
General subdivision Philology
650 #0 - SUBJECT ADDED ENTRY--TOPICAL TERM
Topical term or geographic name entry element Sanskrit philology
887 ## - NON-MARC INFORMATION FIELD
Content of non-MARC field
901 ## - LOCAL DATA ELEMENT A, LDA (RLIN)
a IMP311631
b 31.08.1956
902 ## - LOCAL DATA ELEMENT B, LDB (RLIN)
a 176 B 329
942 ## - ADDED ENTRY ELEMENTS (KOHA)
Source of classification or shelving scheme Dewey Decimal Classification
Koha item type Books
Holdings
Withdrawn status Lost status Damaged status Not for loan Home library Current library Date acquired Total Checkouts Full call number Date last seen Price effective from Koha item type
        National Library of India National Library of India     176 B 329 27/06/2021 27/06/2021 Books
                                                                           
web counter

Copyright ©2020 The National Library of India, Govt. of India ↔ Hosted by NVLI, MOC ↔ Technology and Design by National Library of India, Ministry of Culture, Govt. of India